Linear Programming: Methods and Cases (Record no. 1178)

MARC details
005 - DATE AND TIME OF LATEST TRANSACTION
control field 20250405105904.0
082 ## - DEWEY DECIMAL CLASSIFICATION NUMBER
Classification number 519.72 NAY
100 ## - MAIN ENTRY--PERSONAL NAME
Author name NAYLOR, T. H.
245 ## - TITLE STATEMENT
Title Linear Programming: Methods and Cases
260 ## - PUBLICATION, DISTRIBUTION, ETC.
Place of publication, distribution, etc. California,
Name of publisher, distributor, etc. Wadsworth Publishing Company,
Date of publication, distribution, etc. 1963.
300 ## - PHYSICAL DESCRIPTION
Extent vii, 183p.: figure, graph, table
Other physical details Index.
Dimensions 21cm.
700 ## - ADDED ENTRY--PERSONAL NAME
Other authors/Editors BYRNE, E. T.
942 ## - ADDED ENTRY ELEMENTS (KOHA)
Source of classification or shelving scheme Dewey Decimal Classification
Koha item type Books
Holdings
Date last seen Total checkouts Full call number Barcode Cost, replacement price Price effective from Koha item type Lost status Source of classification or shelving scheme Damaged status Not for loan Withdrawn status Home library Current library Shelving location Date acquired Cost, normal purchase price
04/05/2025   519.72 NAY 0000004619 30000.00 04/05/2025 Books   Dewey Decimal Classification       College of Business Education Main Library College of Business Education Main Library General Collection 04/05/2025 10000.00